[Event "BRA-ch Etapa 9th"]
[Site "Teresina"]
[Date "2002.09.??"]
[Round "3"]
[White "Wellington, Francisco"]
[Black "Pacifico, Jose"]
[Result "1-0"]
[WhiteElo "2002"]
[BlackElo "1800"]
[PlyCount "71"]
[EventDate "2002.10.03"]
[EventType "swiss"]
[EventRounds "6"]
[EventCountry "BRA"]
[SourceTitle "EXT 2006"]
[Source "ChessBase"]
[SourceDate "2005.11.24"]
[SourceVersion "1"]
[SourceVersionDate "2005.11.24"]
[SourceQuality "1"]

1. Nf3 d5 2. b3 Nf6 3. Bb2 e6 4. e3 c5 5. Bb5+ Bd7 6. Qe2 a6 7. Bxd7+ Nbxd7 8. 0-0 Bd6 9. d4 Rc8 10. c4 0-0 11. Nbd2 Qe7 12. Ne5 cxd4 13. exd4 Ba3 14. Bxa3 Qxa3 15. Ndf3 h6 16. Rab1 Rfd8 17. Rfd1 Ne4 18. Rdc1 Ndf6 19. h3 Qb4 20. Qb2 Qe7 21. c5 Nd7 22. b4 Ng5 23. a4 f6 24. Nxg5 Nxe5 25. dxe5 hxg5 26. Qd4 Rf8 27. Re1 a5 28. exf6 Qxf6 29. Qxf6 Rxf6 30. bxa5 Rxc5 31. Rxb7 Rxa5 32. Re7 Rxa4 33. R7xe6 d4 34. Re8+ Kf7 35. Rd8 Ra2 36. f3 1-0